| 000 -LEADER |
| fixed length control field |
00530nam a22001577a 4500 |
| 003 - CONTROL NUMBER IDENTIFIER |
| control field |
OSt |
| 005 - DATE AND TIME OF LATEST TRANSACTION |
| control field |
20181129041152.0 |
| 008 - FIXED-LENGTH DATA ELEMENTS--GENERAL INFORMATION |
| fixed length control field |
180319b xxu||||| |||| 00| 0 spa d |
| 040 ## - CATALOGING SOURCE |
| Transcribing agency |
PJ |
| 100 ## - ASIENTO PRINCIPAL - NOMBRE DE PERSONA |
| 9 (RLIN) |
138 |
| Personal name |
Brufau Prats, Jaime |
| 245 13 - MENCIÓN DE TÍTULO |
| Título propiamente dicho |
La actitud metodica de Samuel Pufendorf y la configuración de la "Disciplina Juris Naturalis" / |
| Mención de responsabilidad, etc |
Jaime Brufau Prats. |
| 260 ## - PUBLICATION, DISTRIBUTION, ETC. (IMPRINT) |
| Place of publication, distribution, etc |
Madrid : |
| Name of publisher, distributor, etc |
Instituto de Estudios Políticos, |
| Date of publication, distribution, etc |
1968. |
| 300 ## - DESCRIPCION FISICA |
| Extent |
153 p. |
| 650 ## - ASIENTO SECUNDARIO DE MATERIA - TERMINO TEMATICO |
| Topical term or geographic name as entry element |
FILOSOFIA DEL DERECHO |
| 9 (RLIN) |
177 |
| 942 ## - ADDED ENTRY ELEMENTS (KOHA) |
| Source of classification or shelving scheme |
|
| Koha item type |
Libros |
| Classification part |
340.12 |
| Item part |
BRU |